Language Quiz

Random Language or Spanish Quiz

ESCAPA/CHAD ATE/SLAM Quiz Stats

 Plays Quiz not verified by Sporcle

Support Sporcle.
Go Orange.
Score 0/17 Timer 04:00
0 Plays Today
Hint Expression % Correct
SSin que
100%
CCuando
93.5%
EEn caso de que
90.3%
PPara que
90.3%
AAntes de que
90.3%
HHasta que
90.3%
AAsí que
90.3%
TTan pronto como
90.3%
EEn cuanto
90.3%
Hint Expression % Correct
AA menos que
87.1%
AAunque
87.1%
DDespués de que
83.9%
CCon tal de que
64.5%
MMientras que
64.5%
SSiempre que
51.6%
LLuego que
48.4%
AA pesar que
25.8%

You're not logged in!

Compare scores with friends on all Sporcle quizzes.
OR
Log In

From the Vault

It's a Mac Mac Mac Mac World

by snork72varnarama

As far as we know, Apple controls the world.
Remove Ads.
Support Sporcle.
Get the best of Sporcle when you Go Orange. This ad-free experience offers more features, more stats, and more fun while also helping to support Sporcle. Thank you for becoming a member.

Show Comments

Extras

Created Feb 24, 2020ReportNominate
Tags:Spanish Quiz

Top Quizzes Today


Score Distribution

Your Account Isn't Verified!

In order to create a playlist on Sporcle, you need to verify the email address you used during registration. Go to your Sporcle Settings to finish the process.

Report this User

Report this user for behavior that violates our Community Guidelines.

Details: